000 00581nam a22002057a 4500
003 OSt
005 20160615132521.0
008 160615b xxu||||| |||| 00| 0 eng d
020 _a9780471433323
040 _cDDC
082 _a515.62 BOR 2004
100 _aBarrelli, Robert L.; Coleman, Courtney S.
_99403
245 _aDifferential Equations: a modeling perspective
250 _a2nd ed.
260 _aNew York; John Wiley, 2004
300 _axiv, 718p; col.ill: 26cm
504 _aAnswers, & index included
650 _aDifferential equations
_9751
942 _2z
_cO_SHELF
999 _c4362
_d4362